SPSS for Windows, CHAID, release 6.0
Αποθηκεύτηκε σε:
| Κύριος συγγραφέας: | |
|---|---|
| Συγγραφή απο Οργανισμό/Αρχή: | |
| Μορφή: | Βιβλίο |
| Γλώσσα: | English |
| Δημοσίευση: |
Chicago, IL :
SPSS,
c1993
|
| Θέματα: | |
| Ετικέτες: |
Προσθήκη ετικέτας
Δεν υπάρχουν, Καταχωρήστε ετικέτα πρώτοι!
|
MARC
| LEADER | 00000cam a2200000 i 4500 | ||
|---|---|---|---|
| 001 | 1/54865 | ||
| 008 | 070914s1993 eng d | ||
| 020 | |a 0-13-178849-3 | ||
| 035 | |l 10090698 | ||
| 040 | |a GR-MY-UA |b gre |e aacr | ||
| 041 | 0 | |a eng | |
| 082 | 0 | |a 005.55 |2 (22) | |
| 100 | 1 | |a Magidson, Jay. | |
| 245 | 1 | 0 | |a SPSS for Windows, CHAID, release 6.0 / |c Jay Magidson, SPSS Inc |
| 260 | |a Chicago, IL : |b SPSS, |c c1993 | ||
| 300 | |a x, 148 σ.; |b εικ.; |c 23 εκ. | ||
| 504 | |a Βιβλιογραφία : σ. 143-144. Ευρετήριο | ||
| 630 | 0 | 0 | |a SPSS for Windows. |
| 650 | 0 | 0 | |a Social sciences |x Statistical methods |x Computer programs. |
| 710 | 2 | |a SPSS Inc. | |
| 852 | |a INST |b CHIOS |e 20070914 |h 005.55 MAG |p 005200028876 |q 005200028876 |t BK |y 0 | ||
| 901 | |a BIBL2-2007-3 | ||
| 909 | |a Χ |b 131218 | ||
| 970 | |a ΒΑΡΦΗΣ |b ΒΑΓΓΕΛΗΣ |z 2007/09/14 | ||